000 00499nam a22001697a 4500
003 SGT
020 _a9380901453
082 _a346,SHA
100 _aSHARMA,ASHOK
245 _aBUSINESS REGULATORY FRAMEWORK: SEMESTER-III & IV
250 _a1ST
260 _aNEW DELHI
_bVK GLOBAL PUBLICATIONS PVT. LTD.
_c2016
300 _a148
650 _aPRIVATE LAW
653 _aMERCANTILE LAW, INDIAN CONTRACT ACT,1872, VALID CONTRACT AND ITS ELEMENTS, PROPOSAL,ACCEPTANCE AND REVOCATION
942 _2ddc
_cFCM
999 _c8874
_d8874